header

Going bohemian (Record no. 23823)

MARC details
000 -LEADER
fixed length control field 01397nam a2200337Ia 4500
082 04 - DEWEY DECIMAL CLASSIFICATION NUMBER
Classification number 808/.0420712
245 00 - TITLE STATEMENT
Title Going bohemian
250 ## - EDITION STATEMENT
Edition statement 2nd ed.
260 ## - PUBLICATION, DISTRIBUTION, ETC. (IMPRINT)
Place of publication Newark, DE :
Name of publisher International Reading Association,
Year of publication c2010.
300 ## - PHYSICAL DESCRIPTION
Number of Pages vii, 214 p. :
Other physical details ill.
650 #0 - SUBJECT ADDED ENTRY--TOPICAL TERM
Topical Term Creative writing (Secondary education)
Topical Term English language
700 1# - ADDED ENTRY--PERSONAL NAME
Personal name Baines, Lawrence.
Personal name Kunkel, Anthony J.
856 40 - ELECTRONIC LOCATION AND ACCESS
Uniform Resource Identifier http://site.ebrary.com/lib/rucke/Doc?id=10694691

No items available.

© 2026 Rongo University
Contact us: librarian | system librarian | Rongo university